000 00730nam a22002297a 4500
999 _c4713
_d4713
003 AR-CdUCM
008 190311b ||||| |||| 00| 0 spa d
040 _aMUNICIPALIDAD PROVINCIAL DEL CUSCO
_cBIBLIOTECA MUNICIPAL DEL CUSCO
082 _a129.8561 /
_bM854
100 _aMoriano Alendez, José
_99909
245 _aFilosofía y lógica /
260 _aCusco :
_bTalleres Gráficos "CADIJ",
_c2008.
300 _a144 páginas ;
_bIlustraciones,
_c21 cm.
505 _aContenido: Filosofía -- Logica.
650 _aFilosofia
_9395
650 _aLogica
_92358
700 _aTupayachi, José
_914616
700 _aCusihuaman Mendoza, Yoni
_914617
700 _aMarocho Ore, Gladys
_914618
942 _2ddc
_cLIBROS
945 _acmm